Squadre al secondo posto Serie A per solo una volta - Statistics

Statistiche generali
  • Questo quiz è stato fatto 11 volte
  • Il punteggio medio è 4 su 8
Statistiche sulle risposte
Stagione del secondo posto Squadra % Corretto
1929-1930 Genoa
88%
1996-1997 Parma
75%
1968-1969 Cagliari
50%
1978-1979 Perugia
38%
1954-1955 Udinese
38%
1977-1978 Vicenza
38%
1942-1943 Livorno
25%
1947-1948 Triestina
13%
Nessun quiz corrispondente trovato
Distribuzione punteggi
Percentuale di utenti per punteggio
Percentile per numero di risposta
I tuoi punteggi nel tempo
Non hai fatto questo quiz